Loading...
| Fine Arts - Classical Music | 0 | 3 | 0 | 0 | 30 | 85 | 95.00 | 0 | 0 | 7.07 | 18.33 |
| Science - Chemistry | 0 | 3 | 0 | 0 | 30 | 62 | 68.00 | 0 | 1 | 12.03 | 21.67 |
| Literature - World | 0 | 2 | 0 | 0 | 20 | 63 | 66.00 | 1 | 1 | 10.51 | 13.33 |
| Literature - European | 0 | 2 | 0 | 0 | 20 | 49 | 66.50 | 1 | 2 | 10.21 | 19.17 |
| Literature - British | 0 | 1 | 0 | 0 | 10 | 41 | 41.00 | 0 | 0 | 7.13 | 5.83 |
| Fine Arts - Painting and Sculpture | 0 | 1 | 0 | 0 | 10 | 64 | 64.00 | 1 | 1 | 4.84 | 10.00 |
| Science - Physics | 0 | 1 | 0 | 0 | 10 | 70 | 70.00 | 0 | 1 | 4.31 | 7.50 |
| Mythology | 0 | 1 | 1 | 0 | 5 | 103 | 103.00 | 0 | 0 | 1.56 | 5.83 |
| Science - Other | 0 | 0 | 2 | 0 | -10 | 0.00 | 0 | 0 | 0.00 | 0.00 |